IFM Opac

Social & medical problems of the elderly (Record no. 18423)

MARC details
000 -LEADER
fixed length control field 00400nam a22001577a 4500
020 ## - INTERNATIONAL STANDARD BOOK NUMBER
International Standard Book Number 0 09 126180 5
082 ## - DEWEY DECIMAL CLASSIFICATION NUMBER
Classification number 618.97 HAZ
100 ## - MAIN ENTRY--PERSONAL NAME
Personal name Hazell, K.
245 ## - TITLE STATEMENT
Title Social & medical problems of the elderly
250 ## - EDITION STATEMENT
Edition statement 4th ed
260 ## - PUBLICATION, DISTRIBUTION, ETC.
Place of publication, distribution, etc. london
Name of publisher, distributor, etc. hutchinson
Date of publication, distribution, etc. 1976
300 ## - PHYSICAL DESCRIPTION
Extent 328p.
Other physical details ill; 23cm.
500 ## - GENERAL NOTE
General note include index
650 ## - SUBJECT ADDED ENTRY--TOPICAL TERM
Topical term or geographic name entry element social & medical problems of the elderly
942 ## - ADDED ENTRY ELEMENTS (KOHA)
Koha item type Books
Holdings
Withdrawn status Lost status Source of classification or shelving scheme Damaged status Not for loan Home library Current library Shelving location Date acquired Full call number Barcode Date last seen Price effective from Koha item type
    Dewey Decimal Classification     IFM Main Campus Library IFM Main Campus Library   08/15/2017 618.97 HAZ 0000011499 08/15/2017 08/15/2017 Books